चाळीशीतला आहार. (Record no. 274602)

MARC details
000 -LEADER
fixed length control field 00776nam a2200181Ia 4500
008 - FIXED-LENGTH DATA ELEMENTS--GENERAL INFORMATION
fixed length control field 090630s9999 xx 000 0 und d
082 ## - DEWEY DECIMAL CLASSIFICATION NUMBER
Item number 22746
100 ## - MAIN ENTRY--PERSONAL NAME
Personal name कुकडे सुमती / बडवे पूर्णिमा.
245 ## - TITLE STATEMENT
Title चाळीशीतला आहार.
Statement of responsibility, etc कुकडे सुमती / बडवे पूर्णिमा.
260 ## - PUBLICATION, DISTRIBUTION, ETC. (IMPRINT)
Name of publisher, distributor, etc दिलीपराज- पुणे.
Date of publication, distribution, etc 2001
300 ## - PHYSICAL DESCRIPTION
Extent 48
600 ## - SUBJECT ADDED ENTRY--PERSONAL NAME
Personal name कुकडे सुमती / बडवे पूर्णिमा.
630 ## - SUBJECT ADDED ENTRY--UNIFORM TITLE
Uniform title चाळीशीतला आहार.
655 ## - INDEX TERM--GENRE/FORM
Genre/form data or focus term इतर.
700 ## - ADDED ENTRY--PERSONAL NAME
Personal name कुकडे सुमती / बडवे पूर्णिमा.
730 ## - ADDED ENTRY--UNIFORM TITLE
Uniform title चाळीशीतला आहार.
942 ## - ADDED ENTRY ELEMENTS (KOHA)
Koha item type Book
Holdings
Withdrawn status Lost status Damaged status Not for loan Home library Current library Date acquired Cost, normal purchase price Total Checkouts Full call number Barcode Date last seen Cost, replacement price Price effective from Koha item type
        Sarvajanik Wachanalaya Shrivardhan Sarvajanik Wachanalaya Shrivardhan   35.00   22746 SAWASHRI-22746 06/30/2009 35.00 06/30/2009 Book